| 000 | 00714nam a2200229 i 4500 | ||
|---|---|---|---|
| 001 | 54697 | ||
| 003 | ES-MaACL | ||
| 005 | 20230906163013.0 | ||
| 007 | t| | ||
| 008 | 040112s2002 sp |||| | spa d | ||
| 080 | _a336.74(4-672 UE) | ||
| 080 | _a338.23(460):336.74 | ||
| 100 | 1 |
_aFernández, Ricardo. _949428 |
|
| 245 | 1 | 3 |
_aEl Banco de España y la introducción del euro / _cRicardo Fernández y Nuria Horcajada. |
| 260 |
_aMadrid : _bBanco de España, _c[2002] |
||
| 300 |
_a249 p : _bgráf. ; _c24 cm. |
||
| 500 | _aÍndices. | ||
| 650 | 4 |
_aEuro- _zEspaña. _912609 |
|
| 651 | 4 |
_aEspaña- _xPolítica monetaria- _y1996-2004. _9174940 |
|
| 700 | 1 |
_aHorcajada, Nuria. _964187 |
|
| 852 | 4 |
_aES-MaACL _jL-26784 |
|
| 999 |
_c54697 _d54697 |
||